Corporate social responsibility issues in the Slovak e-commerce companies

Vymedzenie pojmu spoločenská zodpovednosť. Teória stakeholderov. Spoločenská zodpovednosť a elektronický obchod.

Salvato in:
Dettagli Bibliografici
Autore principale: Jankalová, Miriam
Altri autori: Vartiak, Lukáš
Natura: Capitolo di libro
Lingua:inglese
Soggetti:
Tags: Aggiungi Tag
Nessun Tag, puoi essere il primo ad aggiungerne!!

MARC

LEADER 00000nla a2200000 4500
001 0228949
005 20240417075113.7
041 0 |a eng 
044 |a CZ 
245 1 0 |a Corporate social responsibility issues in the Slovak e-commerce companies  |c Miriam Jankalová, Lukáš Vartiak 
520 |a Vymedzenie pojmu spoločenská zodpovednosť. Teória stakeholderov. Spoločenská zodpovednosť a elektronický obchod. 
610 2 0 |a zodpovednosť spoločenská 
610 2 0 |a podnikanie zodpovedné 
610 2 0 |a obchod elektronický 
610 2 0 |a spoločnosti obchodné 
100 1 |a Jankalová, Miriam 
700 1 |a Vartiak, Lukáš